| 000 | 00496nam a2200157Ia 4500 | ||
|---|---|---|---|
| 008 | 151021s9999 xx 000 0 und d | ||
| 050 | _aHM 1033 .T39 2003 | ||
| 245 | _a_Social psychology ( 12th ed) | ||
| 250 | _a12th ed. Pearson International edition | ||
| 260 | _aNew Jersey Pearson Education, Inc. 2006 | ||
| 300 | _axv, 588p. : ills. | ||
| 500 | _aincludes index | ||
| 650 | _a_Social psychology Research | ||
| 700 | _a_Letitia Anne Peplau | ||
| 980 | _a^d20110121 12:08:11^okilerai | ||
| 999 |
_c5701 _d5701 |
||